DEFRA strategy aims to crack rural poverty (Record no. 72656)
[ view plain ]
| 000 -LEADER | |
|---|---|
| fixed length control field | 00977cam a2200217 4500 |
| 001 - CONTROL NUMBER | |
| control field | WB3918-16 |
| 008 - FIXED-LENGTH DATA ELEMENTS--GENERAL INFORMATION | |
| fixed length control field | 030513n2003 000 0 eng u |
| 035 ## - SYSTEM CONTROL NUMBER | |
| System control number | (Sirsi) u122251 |
| 245 ## - TITLE STATEMENT | |
| Title | DEFRA strategy aims to crack rural poverty |
| 260 ## - PUBLICATION, DISTRIBUTION, ETC. | |
| Date of publication, distribution, etc. | 2003 |
| 490 ## - SERIES STATEMENT | |
| Series statement | Regeneration and Renewal |
| Volume/sequential designation | 9 May 2003, 10(1) |
| 490 ## - SERIES STATEMENT | |
| Series statement | DEFRA News Release |
| Volume/sequential designation | (153/02) 2 May 2003 (2) |
| 520 ## - SUMMARY, ETC. | |
| Summary, etc. | DEFRA's new three-year strategy seeks to improve economic regeneration and tackle social exclusion in the poorest rural areas. DEFRA will work with regional development agencies, local businesses and other government departments to address financial exclusion and identify new business opportunities. Defra's strategy at www.defra.gov.uk/corporate/strategy0306/index.htm.www.defra.gov.uk/news/2003/030502b.htm |
| 590 ## - LOCAL NOTE (RLIN) | |
| Local note | WB |
| 650 ## - SUBJECT ADDED ENTRY--TOPICAL TERM | |
| Topical term or geographic name entry element | RURAL AREAS |
| 650 ## - SUBJECT ADDED ENTRY--TOPICAL TERM | |
| Topical term or geographic name entry element | POVERTY |
| 650 ## - SUBJECT ADDED ENTRY--TOPICAL TERM | |
| Topical term or geographic name entry element | SOCIAL EXCLUSION |
| 650 ## - SUBJECT ADDED ENTRY--TOPICAL TERM | |
| Topical term or geographic name entry element | ECONOMIC REGENERATION |
| 690 ## - LOCAL SUBJECT ADDED ENTRY--TOPICAL TERM (OCLC, RLIN) | |
| Topical term or geographic name as entry element | REGENERATION |
| 942 ## - ADDED ENTRY ELEMENTS (KOHA) | |
| Suppress in OPAC | 0 |
| Withdrawn status | Lost status | Source of classification or shelving scheme | Damaged status | Not for loan | Home library | Current library | Shelving location | Date acquired | Total Checkouts | Full call number | Barcode | Date last seen | Copy number | Price effective from | Koha item type |
|---|---|---|---|---|---|---|---|---|---|---|---|---|---|---|---|
| Dewey Decimal Classification | London | London | News article | 13/05/2003 | WB3918-16 | 122251-1001 | 06/08/2019 | 1 | 06/08/2019 | News article |